Movies Quiz

Random Movies or Director Quiz

TSPDT's 1000 21st Century Films, 901-1000 (2016 Update) Quiz Stats

 Plays Quiz not verified by Sporcle

Also try: Movies of 2002
Challenge
Share
Tweet
Embed
Score 0/100 Timer 20:00
0 Plays Today
Director Film % Correct
Christopher NolanBatman Begins
89.4%
Bryan SingerX2
83%
Paul GreengrassThe Bourne Supremacy
80.9%
Doug LimanThe Bourne Identity
78.7%
Gore VerbinskiPirates of the Caribbean: The Curse of the Black Pearl
72.3%
James GunnGuardians of the Galaxy
68.1%
J.J. AbramsSuper 8
66%
Mike NicholsCloser
61.7%
Michel GondryBe Kind Rewind
61.7%
Catherine Hardwickethirteen
59.6%
Robert ZemeckisThe Polar Express
59.6%
Ryan CooglerFruitvale Station
57.4%
Jeff NicholsMud
57.4%
Alejandro González IñárrituBiutiful
57.4%
David WainWet Hot American Summer
55.3%
Alexandre AjaHigh Tension
53.2%
Guillermo del ToroBlade II
53.2%
John Michael McDonaghCalvary
53.2%
Harmony KorineTrash Humpers
53.2%
Morten TyldumThe Imitation Game
53.2%
Joss WhedonMuch Ado About Nothing
51.1%
Albert Hughes & Allen HughesFrom Hell
51.1%
Jeff NicholsShotgun Stories
46.8%
Bernardo BertolucciThe Dreamers
46.8%
Peter BergFriday Night Lights
44.7%
Stephen ChboskyThe Perks of Being a Wallflower
42.6%
David Gordon GreenAll the Real Girls
40.4%
F. Gary GrayStraight Outta Compton
38.3%
Todd SolondzLife During Wartime
38.3%
Takeshi KitanoZatoichi
38.3%
James GrayWe Own the Night
36.2%
Bill CondonDreamgirls
36.2%
Adam McKayTalladega Nights: The Ballad of Ricky Bobby
34%
Gary RossSeabiscuit
31.9%
Director Film % Correct
Kelly ReichardtNight Moves
31.9%
John FawcettGinger Snaps
31.9%
David MackenzieYoung Adam
29.8%
Brian De PalmaMission to Mars
29.8%
Sean PennThe Pledge
27.7%
Paul SchraderAuto Focus
25.5%
Adrian LyneUnfaithful
25.5%
Nicole HolofcenerEnough Said
23.4%
Roy AnderssonA Pigeon Sat on a Branch Reflecting on Existence
23.4%
Satoshi KonMillennium Actress
21.3%
Alex GibneyTaxi to the Dark Side
19.1%
Antonio CamposAfterschool
17%
Guillaume CanetTell No One
17%
Guy MaddinDracula: Pages from a Virgin's Diary
17%
Drake DoremusLike Crazy
14.9%
Anna Boden & Ryan FleckSugar
14.9%
Guy MaddinBrand Upon the Brain!
12.8%
Nicholas HytnerThe History Boys
12.8%
Aleksandr SokurovFather and Son
10.6%
Fruit ChanDurian Durian
10.6%
Tony KayeLake of Fire
8.5%
John SaylesSunshine State
8.5%
Michael AlmereydaHamlet
8.5%
Deepa MehtaWater
8.5%
Charles FergusonNo End in Sight
6.4%
Miguel GomesArabian Nights
6.4%
Ben Safdie & Joshua SafdieHeaven Knows What
6.4%
Jafar Panahi & Kambuzia PartoviClosed Curtain
6.4%
Satoshi KonTokyo Godfathers
6.4%
Sally PotterYes
6.4%
Kleber Mendonca FilhoNeighbouring Sounds
6.4%
Rodrigo GarciaNine Lives
6.4%
Dana Adam Shapiro/Jeffrey Mandel/Henry Alex RubinMurderball
4.3%
Raúl RuizNight Across the Street
4.3%
Director Film % Correct
Manoel de OliveiraEccentricities of a Blonde-haired Girl
4.3%
Hong Sang-sooOki's Movie
4.3%
Patrick WangIn the Family
4.3%
Erick ZoncaJulia
4.3%
Michael CuestaL.I.E.
4.3%
Andrew BujalskiMutual Appreciation
4.3%
Shohei ImamuraWarm Water Under a Red Bridge
4.3%
Roger MichellThe Mother
4.3%
Aleksandr SokurovAlexandra
4.3%
Lisandro AlonsoLiverpool
2.1%
Liu JiayanOxhide
2.1%
Philippe GarrelFrontier of the Dawn
2.1%
Paul justmanStanding in the Shadows of Motown
2.1%
Abbas KiarostamiFive Dedicated to Ozu
2.1%
Julie BertuccelliSince Otar Left
2.1%
Ken JacobsRazzle Dazzle: The Lost World
2.1%
Renzo MartensEpisode 3: 'Enjoy Poverty'
2.1%
Ying LiangThe Other Half
2.1%
Jason OsderLet the Fire Burn
2.1%
Sanjay Leela BhansaliDevdas
2.1%
Franch PavichJodorowsky's Dune
2.1%
Jessica HausnerLourdes
2.1%
Lu ChuanMountain Patrol
2.1%
Laura PoitrasMy Country, My Country
2.1%
Patrice ChéreauGabrielle
2.1%
Fernando EimbckeDuck Season
2.1%
Robert KennerFood, Inc.
2.1%
Kôji WakamatsuUnited Red Army
2.1%
Rajkumar Hirani3 Idiots
2.1%
Wang BingFengming: A Chinese Memoir
2.1%
Victor Kossakovsky¡Vivan las Antipodas!
2.1%
Andrew KottingThis Our Still Life
2.1%

You're not logged in!

Compare scores with friends on all Sporcle quizzes.
OR
Log In

You Might Also Like...

Show Comments

Extras

Top Quizzes Today


Score Distribution

Your Account Isn't Verified!

In order to create a playlist on Sporcle, you need to verify the email address you used during registration. Go to your Sporcle Settings to finish the process.

Report this User

Report this user for behavior that violates our Community Guidelines.

Details: